000 00946ngm a22003010a 4500
001 PT37546
003 AR-LpoUNG
005 20210202000514.0
007 vd cvaizq
008 191001s2004||||xxu|||||||||||||||||spa d
040 _aAR-LpoUNG
_bspa
_cAR-LpoUNG
_eaacr
041 _aspa
_aeng
_apor
044 _axxu
082 0 _a808.068 874pro
100 1 _aGroening, Matt
_eprod.
245 1 0 _aProhibido para TV :
_bdemasiado prendidos
260 _as.l. :
_bTwenty Century Fox,
_c2004.
300 _aDVD (88 min.) : son., col.
505 0 _aEn español, inglés y portugués, subtítulos en mismos idiomas.
520 _aContiene: La casa del árbol de terror 9; La familia Cartridge; Besadores por naturaleza y El abuelo vs. la insuficiencia sexual.
651 4 _aDOCUMENTOS TEORICOS O METODOLOGICOS
653 _aANIMACION
653 _aDVD
653 _aVIDEOS
653 _aVIDEOS INFANTILES
905 _a37546
942 _cDVD
999 _c54971
_d54971